000 01353cab a2200409 4500
001 ABS53783
008 090401t1995 xxu||||| |||| 00| 0 eng d
035 _a(Sirsi) u6578
041 _aeng
100 _aWilliams, D.
245 _aDilapidations update
260 _c1995
350 _a0
490 _aEstates Gazette
_v(9542) 21 October 1995, 126-129(4)
520 _aUpdate of recent case law, considering the definition and standard of repair, damages and fixtures and fittings.
650 _aBRITISH TELECOMMUNICATIONS PLC V SUN LIFE ASSURANCE SOCIET
650 _aCASE LAW REVIEW
650 _aCHATTELS
650 _aCREDIT SUISSE V BEEGAS NOMINEES LTD
650 _aDilapidations
_96235
650 _aDISREPAIR
650 _aFIXTURES AND FITTINGS
650 _aJOYCE V LIVERPOOL CC
650 _aLADBROKE HOTELS LTD V SANDHU
650 _aLAND SECURITIES PLC V WESTMINSTER CC (NO.2)
650 _aLEASES
650 _aREPAIRING COVENANTS
650 _aREPAIRS
650 _aSCOTTISH AND MUTUAL ASSURANCE V BRITISH TELECOMMUNICATIONS
650 _aSHORTLANDS INVESTMENTS LTD V CARGILL PLC
650 _aSOS ENVIRONMENT V EUSTON CENTRE INVESTMENTS LTD (NO 2)
650 _aTSB BANK PLC V BOTHAM
650 _aTWYMAN V CHARRINGTON
690 _aLandlord and tenant
_96252
942 _n0
948 _c04/03/1997
999 _c3933
_d3933